| 000 | 00658nam a2200229Ia 4500 | ||
|---|---|---|---|
| 003 | OSt | ||
| 005 | 20220928101756.0 | ||
| 006 | a|||||r|||| 00| 0 | ||
| 007 | ta | ||
| 008 | 220927b |||||||| |||| 00| 0 eng d | ||
| 024 | _a50641 | ||
| 037 | _cTextual | ||
| 040 |
_aSDCL _cSDCL _beng |
||
| 041 |
_2eng _aeng |
||
| 082 | _aO31,1:g(S:55)x, 111k7 | ||
| 100 |
_aRamanujan A K _9395034 |
||
| 245 | 0 |
_aThe Interion landscape _bLove poems from a classical tamal athology. |
|
| 260 |
_aLondon _bPeter Owen _c1967 |
||
| 300 |
_a125p. _ccm. |
||
| 942 |
_hO31,1:g(S:55)x, 111k7 _cTEXL _2CC |
||
| 999 |
_c710654 _d710654 |
||